Shapes of Mexican States - Statistics

General Stats
  • This quiz has been taken 27 times
  • The average score is 19 of 32
Answer Stats
Picture Hint Answer % Correct
Baja California
88%
Baja California Sur
81%
Durango
75%
Veracruz
75%
Yucatán
75%
Guerrero
69%
Jalisco
69%
** the black on the bottom and in the top right corner are NOT part of the state (they could not be cropped out) Mexico City
69%
Sinaloa
69%
Tabasco
69%
Campeche
63%
Chiapas
63%
Nayarit
63%
Nuevo León
63%
Puebla
63%
Sonora
63%
Tamaulipas
63%
Aguascalientes
56%
Chihuahua
56%
Michoacán
56%
Oaxaca
56%
Querétaro
56%
Quintana Roo
56%
San Luis Potosí
56%
Colima
50%
Hidalgo
50%
México
50%
Zacatecas
50%
Coahuila
44%
Guanajuato
44%
Morelos
44%
Tlaxcala
38%
No matching quizzes found
Score Distribution
Percent of People with Each Score
Percentile by Number Answered
Your Score History
You have not taken this quiz